01178naa#a2200217#i#4500001001600000005001700016011001400033100004100047102000700088200024500095210011800340215001100458608004500469675008700514686011200601700005200713700006200765700005400827700005800881856002100939RU\\bibl\12046520260501160637.5##a2782-5957##a20260430b2026####ek#y0rusy0150####ca##aRU1#aКОМБИНИРОВАННОЕ КОНЕЧНО-ЭЛЕМЕНТНОЕ МОДЕЛИРОВАНИЕ ПРОЦЕССА ВОЛНОВОГО ДЕФОРМАЦИОННОГО УПРОЧНЕНИЯ СВАРНЫХ ШВОВeЖурнальная статья1#aБрянскcБрянский государственный технический университетd2026##a11 с.##aЖурнальная статья2local##aпри помощи ударов, струйной обработкой. 621.787.6##aОбщая технология машиностроения. Обработка металлов. 3452bbk#1aЖидковgМаксим Евгеньевич#1aЛебедевgВалерий Александрович#1aКиричекgАндрей Викторович#1aБариновgСергей Владимирович4#abstu.editorum.ru